UBT Library

Introduction to business law / (Record no. 1148)

000 -LEADER
fixed length control field 00683nam a22002297a 4500
008 - FIXED-LENGTH DATA ELEMENTS--GENERAL INFORMATION
fixed length control field 150921b xxu||||| |||| 00| 0 eng d
020 ## - INTERNATIONAL STANDARD BOOK NUMBER
International Standard Book Number 9780324826999 (student ed.)
020 ## - INTERNATIONAL STANDARD BOOK NUMBER
International Standard Book Number 0324826990 (student ed.)
041 0# - LANGUAGE CODE
Language code of text/sound track or separate title eng
080 ## - UNIVERSAL DECIMAL CLASSIFICATION NUMBER
Universal Decimal Classification number 330.113
100 1# - Rafti
Rafti Beatty, Jeffrey F.
245 10 - TITLE STATEMENT
Title Introduction to business law /
Statement of responsibility, etc Jeffrey F. Beatty, Susan S. Samuelson.
250 ## -
-- Ed. 3.
260 ## -
-- Mason, OH :
-- South-Western Cengage Learning,
-- 2009.
300 ## -
-- 1 v. (various pagings) :
-- me il.;
-- 26 cm.
505 ## -
-- Index: f. L1-L21
650 0# -
-- E drejta tregëtare
650 0# -
-- Ligjet
650 0# -
-- Ekonomi
700 1# -
-- Samuelson, Susan S.
942 ## - ADDED ENTRY ELEMENTS (KOHA)
Source of classification or shelving scheme
Item type Books
Holdings
Withdrawn status Lost status Source of classification or shelving scheme Damaged status Not for loan Collection code Permanent location Current location Shelving location Date acquired Total Checkouts Full call number Barcode Date last seen Koha item type
          Koleksioni i përgjithshem UBT - Lipjan UBT - Lipjan Koleksioni i përgjithshem 09/21/2015   330.113 SAM 002-007691 09/21/2015 Books
UBT Library © 2015-2024. All rights reserved University Education for Business and Technology